000 00521nam a2200217 a 4500
999 _c11760
_d11760
001 11760
003 BD-JhCC
005 20200902100316.0
008 200902b20162019ii a|||| ||a| 001 0 eng d
020 _a9789384625948
035 _a(BD-JhCC)11760
040 _aBD-JhCC
_dBD-JhCC
041 _aeng
082 _a796.03
_bSPO 2016
245 _aSports Encyclopedia/
260 _aIndia:
_bOm Book International;
_c2019.
300 _a256 P.:
_bill
_c28 cm.
650 _aSports
942 _2ddc
_cBK